Southville International School and Colleges
Your cart is empty.
  • Cart
  • Lists
    Public lists Eva Luna New books Lux_list list_1
    Your lists Log in to create your own lists
  • Log in to your account
  • Your cookies
  • Search history
Southville International School and Colleges
  • Advanced search
  • Recent comments
  • Most popular
  • Libraries

Log in to your account

Log in with GOOGLE


If you do not have an external account, but do have a local account, you can still log in:

  1. Home
  2. MARC view: Lonely Planet's wonders of the world :
Normal view MARC view ISBD view

Lonely Planet's wonders of the world : (Record no. 363218)

[ view plain ]
MARC details
000 -LEADER
fixed length control field 00601nam a2200217Ia 4500
008 - FIXED-LENGTH DATA ELEMENTS--GENERAL INFORMATION
fixed length control field 200601s9999 xx 000 0 und d
020 ## - INTERNATIONAL STANDARD BOOK NUMBER
International Standard Book Number 978-1-78868-232-9
050 ## - LIBRARY OF CONGRESS CALL NUMBER
Classification number REF AG 243
050 ## - LIBRARY OF CONGRESS CALL NUMBER
Item number .L66 2019
245 #0 - TITLE STATEMENT
Title Lonely Planet's wonders of the world :
245 #0 - TITLE STATEMENT
Remainder of title 101 great sights and how to see them on any budget /
260 ## - PUBLICATION, DISTRIBUTION, ETC. (IMPRINT)
Place of publication, distribution, etc Singapore :
260 ## - PUBLICATION, DISTRIBUTION, ETC. (IMPRINT)
Name of publisher, distributor, etc Lonely Planet,
260 ## - PUBLICATION, DISTRIBUTION, ETC. (IMPRINT)
Date of publication, distribution, etc 2019
300 ## - PHYSICAL DESCRIPTION
Extent 368 pages :
300 ## - PHYSICAL DESCRIPTION
Other physical details color illustrations ;
300 ## - PHYSICAL DESCRIPTION
Dimensions 28 cm.
500 ## - GENERAL NOTE
General note Includes index.
650 ## - SUBJECT ADDED ENTRY--TOPICAL TERM
Topical term or geographic name as entry element Wonders of the world.
650 ## - SUBJECT ADDED ENTRY--TOPICAL TERM
General subdivision Curiosities and wonders.
Holdings
Withdrawn status Lost status Damaged status Home library Current library Shelving location Date acquired Total Checkouts Full call number Barcode Date last seen Price effective from Koha item type
      South Mansfield College South Mansfield College Reference Section 01/21/2020   REF AG 243 .L66 2019 SMC06361 06/01/2020 06/01/2020  

Lonely Planet's wonders of the world :

APA

Lonely Planet's wonders of the world. Singapore: .

Chicago

Lonely Planet's wonders of the world. Singapore: .

Harvard

Lonely Planet's wonders of the world. Singapore: .

MLA

Singapore: . .

  • Place hold
  • Print
  • Cite
  • Add to your cart (remove)
  • Save record
    BIBTEX Dublin Core MARCXML MARC (non-Unicode/MARC-8) MARC (Unicode/UTF-8) MARC (Unicode/UTF-8, Standard) MODS (XML) RIS
  • More searches
    Search for this title in:
    Other Libraries (WorldCat) Other Databases (Google Scholar) Online Stores (Bookfinder.com) Open Library (openlibrary.org)

Exporting to Dublin Core...

SOUTHVILLE LIBRARY

Southville International School and Colleges Library

1281 Tropical Ave. Cor. Luxembourg St., BF Homes International, Las Pinas City

Tel. No. 8256374 / 252358 Loc. 117/146

Powered by Koha